|
|
|
|
| LEADER |
00000naa a2200000uu 4500 |
| 001 |
vtls010953793 |
| 003 |
SK-MaSNL |
| 005 |
20260302123928.0 |
| 008 |
210906|1998 xo |||||||||||||||||eng| |
| 015 |
|
|
|a SNBRA
|
| 035 |
|
|
|a (urnnbn)urn:nbn:sk:snk:ar-a0blw7
|
| 035 |
|
|
|a (uuid)c64418a6-792d-4d2e-b4a3-37833a39a6f3
|
| 035 |
|
|
|a urn:nbn:sk:snk-aaudvp
|
| 040 |
|
|
|a SNKBUCL
|b slo
|c SNKBUCL
|e AACR2
|
| 041 |
0 |
|
|a eng
|
| 044 |
|
|
|a xo
|c SK
|
| 100 |
1 |
|
|a Gábor, Miroslav
|4 aut
|9 320413
|
| 245 |
1 |
0 |
|a MARKOV POLICIES FOR INVENTORY CONTROL SYSTEMS
|c Miroslav Gábor, Ondrej Bartl
|
| 700 |
1 |
|
|a Bartl, Ondrej
|4 aut
|9 9152
|
| 773 |
0 |
|
|t Communications on the edge of the millenniums
|d Žilina : University of Žilina, 1998, 1998
|g S. 77-80
|z 8071005177
|
| 958 |
|
|
|a OND
|
| 958 |
|
|
|a article11
|
| 958 |
|
|
|a chapter
|
| 999 |
|
|
|c 1285283
|d 1287213
|